<?xml version="1.0" encoding="UTF-8"?>
<marc:record xmlns:marc="http://www.loc.gov/MARC21/slim">
   <marc:leader>00000nam a2200000 a 4500</marc:leader>
   <marc:datafield ind1="1" ind2=" " tag="100">
      <marc:subfield code="a">Arold, Marliese</marc:subfield>
      <marc:subfield code="4">aut</marc:subfield>
      <marc:subfield code="e">Verfasser/-in</marc:subfield>
   </marc:datafield>
   <marc:datafield ind1="0" ind2="0" tag="245">
      <marc:subfield code="a">Magic Girls</marc:subfield>
   </marc:datafield>
   <marc:datafield ind1="0" ind2="0" tag="245">
      <marc:subfield code="c">Marliese Arold</marc:subfield>
   </marc:datafield>
   <marc:datafield ind1=" " ind2="1" tag="264">
      <marc:subfield code="a">Hamburg</marc:subfield>
      <marc:subfield code="b">Carlsen</marc:subfield>
      <marc:subfield code="c">2014</marc:subfield>
   </marc:datafield>
   <marc:datafield ind1="1" ind2=" " tag="490">
      <marc:subfield code="a">Carlsen</marc:subfield>
   </marc:datafield>
   <marc:datafield ind1="1" ind2=" " tag="520">
      <marc:subfield code="a">Angaben aus der Verlagsmeldung

Magic Girls, Band 5: Die große Prüfung Magic Girls Bd. 5 / von Marliese Arold

Die beiden Hexenmädchen Elena und Miranda haben es gerade nicht leicht. Sie müssen jeden Tag für das große Hexendiplom büffeln. Zudem scheint bei Miranda immer noch der Fluch nachzuwirken, den sie sich bei ihrem letzten Abenteuer eingefangen hat: Ihre Zauberkräfte geraten außer Kontrolle und werden immer mehr von schwarzer Magie überschattet. Gott sei Dank bietet der junge Hexer Eusebius ihr seine Hilfe an. Doch auch er ist in einige dunkle Machenschaften verstrickt.
</marc:subfield>
   </marc:datafield>
   <marc:datafield ind1=" " ind2=" " tag="020">
      <marc:subfield code="a">9783551311788</marc:subfield>
      <marc:subfield code="9">9783551311788</marc:subfield>
   </marc:datafield>
   <marc:datafield ind1=" " ind2=" " tag="020">
      <marc:subfield code="a">3551311781</marc:subfield>
      <marc:subfield code="9">3551311781</marc:subfield>
   </marc:datafield>
   <marc:datafield ind1=" " ind2=" " tag="300">
      <marc:subfield code="a">168 S.</marc:subfield>
   </marc:datafield>
</marc:record>
